Welcome to CU Library Online Public Access Catalogue (OPAC)

Rural Marketing: (Record no. 2509)

MARC details
000 -LEADER
fixed length control field 00545nam a22001817a 4500
005 - DATE AND TIME OF LATEST TRANSACTION
control field 20250110125336.0
008 - FIXED-LENGTH DATA ELEMENTS--GENERAL INFORMATION
fixed length control field 250110b |||||||| |||| 00| 0 eng d
020 ## - INTERNATIONAL STANDARD BOOK NUMBER
International Standard Book Number 9788125916178
050 ## - LIBRARY OF CONGRESS CALL NUMBER
Classification number HF5413 GOP
100 ## - MAIN ENTRY--PERSONAL NAME
Personal name Gopalaswamy T P
245 ## - TITLE STATEMENT
Title Rural Marketing:
Remainder of title Environment, Problems and Strategies/
Statement of responsibility, etc. T P Gopalaswamy
250 ## - EDITION STATEMENT
Edition statement 2nd Ed.
260 ## - PUBLICATION, DISTRIBUTION, ETC.
Place of publication, distribution, etc. New Delhi
Name of publisher, distributor, etc. Vikas Publishing House PVT LTD
Date of publication, distribution, etc. 2005
300 ## - PHYSICAL DESCRIPTION
Extent xv. 225p.
Other physical details ill.
Dimensions 21.5 cm x 14 cm
500 ## - GENERAL NOTE
General note Includes Index
650 ## - SUBJECT ADDED ENTRY--TOPICAL TERM
Source of heading or term Marketing
942 ## - ADDED ENTRY ELEMENTS (KOHA)
Source of classification or shelving scheme Library of Congress Classification
Koha item type Books
Edition 2nd Ed.
Suppress in OPAC No
999 ## -
-- 2509
-- 2509
Holdings
Withdrawn status Lost status Source of classification or shelving scheme Damaged status Not for loan Collection Home library Current library Shelving location Date acquired Total checkouts Full call number Barcode Date last seen Copy number Price effective from Koha item type
    Library of Congress Classification     Non-fiction Business Library (Miotso) Business Library (Miotso) General stacks 01/10/2025   HF5413 GOP BSSM00000411 01/10/2025 1 01/10/2025 Books
    Library of Congress Classification     Non-fiction Business Library (Miotso) Business Library (Miotso) General stacks 01/10/2025   HF5413 GOP BSSM00000412 01/10/2025 2 01/10/2025 Books
    Library of Congress Classification     Non-fiction Business Library (Miotso) Business Library (Miotso) General stacks 01/10/2025   HF5413 GOP BSSM00000413 01/10/2025 3 01/10/2025 Books
    Library of Congress Classification     Non-fiction Business Library (Miotso) Business Library (Miotso) General stacks 01/10/2025   HF5413 GOP BSSM00000414 01/10/2025 4 01/10/2025 Books
    Library of Congress Classification     Non-fiction Business Library (Miotso) Business Library (Miotso) General stacks 01/10/2025   HF5413 GOP BSSM00000415 01/10/2025 5 01/10/2025 Books
© 2023-2024 Copyright: Central University Libraries. All Rights Reserved | Created by: Mahone Tech Office